[Event "Nancy Meurthe op 11th"]
[Site "Nancy"]
[Date "2013.03.09"]
[Round "2"]
[White "Chinoune, Karim"]
[Black "Guliyev, Namig"]
[Result "0-1"]
[WhiteElo "2025"]
[BlackElo "2551"]
[PlyCount "118"]
[EventDate "2013.03.09"]
[EventType "swiss (rapid)"]
[EventRounds "9"]
[EventCountry "FRA"]
[SourceTitle "CBM 153 Extra"]
[Source "ChessBase"]
[SourceDate "2013.04.22"]
[SourceVersion "1"]
[SourceVersionDate "2013.04.22"]
[SourceQuality "1"]

1. e4 c5 2. Nf3 d6 3. d4 cxd4 4. Nxd4 Nf6 5. Nc3 a6 6. Bg5 e6 7. f4 h6 8. Bxf6 Qxf6 9. Qd2 g5 10. fxg5 Qxg5 11. Qxg5 hxg5 12. 0-0-0 Bg7 13. Be2 Ke7 14. h3 Nc6 15. Nxc6+ bxc6 16. Nb1 Rb8 17. c3 Rh4 18. Bf3 a5 19. Nd2 a4 20. Rhe1 Ba6 21. Be2 Bxe2 22. Rxe2 g4 23. hxg4 a3 24. Nf3 Rxg4 25. e5 dxe5 26. bxa3 Rb5 27. Kc2 Ra4 28. Rb1 Rxb1 29. Kxb1 e4 30. Nd2 f5 31. Kb2 Bh6 32. Kb3 Ra8 33. Nc4 Rb8+ 34. Kc2 Kf6 35. a4 e5 36. a5 Ke6 37. Re1 e3 38. Nxe3 Bxe3 39. Rxe3 Rb5 40. c4 Rxa5 41. Kb3 Ra8 42. a4 c5 43. Rh3 e4 44. Rh7 Rb8+ 45. Kc3 Rg8 46. Rh2 Ke5 47. a5 Ra8 48. Rh7 Rxa5 49. Kb3 Ra6 50. Re7+ Kd4 51. Rd7+ Ke3 52. Rd5 f4 53. Rxc5 Rg6 54. Rf5 Rxg2 55. c5 Rg6 56. Kc4 f3 57. Rf7 f2 58. Kd5 Rg1 59. Rxf2 Rg5+ 0-1

[Event "Sainte Marie op"]
[Site "Sainte Marie"]
[Date "2005.10.23"]
[Round "9"]
[White "Rodier, David"]
[Black "Chinoune, Karim"]
[Result "0-1"]
[WhiteElo "2176"]
[BlackElo "1946"]
[PlyCount "139"]
[EventDate "2005.10.15"]
[EventType "swiss"]
[EventRounds "9"]
[EventCountry "FRA"]
[SourceTitle "EXT 2006"]
[Source "ChessBase"]
[SourceDate "2005.11.24"]
[SourceVersion "1"]
[SourceVersionDate "2005.11.24"]
[SourceQuality "1"]

1. d4 Nf6 2. Nf3 g6 3. g3 Bg7 4. Bg2 0-0 5. 0-0 d6 6. c4 c6 7. Nc3 Bg4 8. h3 Bxf3 9. Bxf3 Nbd7 10. Bg2 Qc7 11. Qc2 e5 12. dxe5 dxe5 13. b3 Rfe8 14. Rd1 Nf8 15. Ba3 Rad8 16. Bc5 Ne6 17. Ba3 Rxd1+ 18. Rxd1 Rd8 19. e3 Bf8 20. Bxf8 Kxf8 21. Qc1 Rxd1+ 22. Qxd1 Qd7 23. Qc1 Qd6 24. Qd1 Qxd1+ 25. Nxd1 Ke7 26. Nc3 Kd6 27. b4 b6 28. Kf1 Nc7 29. Ke2 c5 30. a3 cxb4 31. axb4 a5 32. c5+ bxc5 33. bxa5 c4 34. Na4 e4 35. f3 Kc6 36. Nc3 exf3+ 37. Bxf3+ Kc5 38. Bb7 Kb4 39. Kd2 Kxa5 40. g4 h6 41. e4 Kb6 42. Bc8 Kc5 43. Ke3 Nb5 44. Nxb5 Kxb5 45. e5 Nd5+ 46. Kd2 Nf4 47. h4 Kc5 48. Kc3 Nd5+ 49. Kd2 Nc7 50. h5 g5 51. Bf5 Kd5 52. Kc3 Nb5+ 53. Kb4 Nd4 54. Bd7 Nc2+ 55. Kc3 Ne3 56. Be8 Kxe5 57. Bxf7 Kf4 58. Be6 Nxg4 59. Kxc4 Nf6 60. Bf7 g4 61. Kd3 Kf3 62. Bc4 g3 63. Ba6 g2 64. Bb7+ Kf2 65. Bxg2 Kxg2 66. Kd4 Nxh5 67. Ke5 Ng3 68. Kf6 Kh3 69. Kg6 h5 70. Kg5 0-1

[Event "Sainte Marie op"]
[Site "Sainte Marie"]
[Date "2005.10.18"]
[Round "4"]
[White "Demery, Kerril"]
[Black "Chinoune, Karim"]
[Result "1/2-1/2"]
[WhiteElo "1740"]
[BlackElo "1946"]
[PlyCount "109"]
[EventDate "2005.10.15"]
[EventType "swiss"]
[EventRounds "9"]
[EventCountry "FRA"]
[SourceTitle "EXT 2006"]
[Source "ChessBase"]
[SourceDate "2005.11.24"]
[SourceVersion "1"]
[SourceVersionDate "2005.11.24"]
[SourceQuality "1"]

1. e4 c5 2. Nf3 Nc6 3. d4 cxd4 4. Nxd4 Nf6 5. Nc3 e5 6. Ndb5 d6 7. Bg5 a6 8. Na3 b5 9. Nd5 Be7 10. Bxf6 Bxf6 11. c3 Bg5 12. h4 Bh6 13. Nc2 Rb8 14. Nce3 Bxe3 15. Nxe3 0-0 16. Bd3 b4 17. Qc2 bxc3 18. bxc3 Qa5 19. Ke2 Be6 20. Rhf1 Rfc8 21. Qd2 Qa3 22. Rfb1 h6 23. Nc4 Bxc4 24. Bxc4 Rxb1 25. Rxb1 Nd4+ 26. Kd3 Ne6 27. Bxe6 fxe6 28. Rb3 Qc5 29. Ke2 d5 30. exd5 exd5 31. Qd3 Rf8 32. f3 e4 33. Qd4 exf3+ 34. gxf3 Qd6 35. Rb7 Qh2+ 36. Kd1 Rf6 37. Qxd5+ Kh7 38. Qe4+ Rg6 39. Rb6 Qg1+ 40. Kc2 Qxb6 41. h5 Qe6 42. hxg6+ Qxg6 43. c4 Qxe4+ 44. fxe4 Kg6 45. Kd3 Kf6 46. Ke3 Ke5 47. c5 g5 48. Kf3 h5 49. a3 g4+ 50. Kg3 a5 51. a4 Ke6 52. Kf4 Ke7 53. e5 Ke6 54. c6 Ke7 55. Kg3 1/2-1/2

[Event "Vandoeuvre op"]
[Site "Vandoeuvre"]
[Date "2004.??.??"]
[Round "2"]
[White "Helfer, Remi"]
[Black "Chinoune, Karim"]
[Result "1/2-1/2"]
[WhiteElo "1670"]
[BlackElo "2030"]
[PlyCount "99"]
[EventDate "2004.12.26"]
[EventType "swiss"]
[EventRounds "9"]
[EventCountry "FRA"]
[SourceTitle "CBM 104 Extra"]
[Source "ChessBase"]
[SourceDate "2005.03.01"]
[SourceVersion "1"]
[SourceVersionDate "2005.03.01"]
[SourceQuality "1"]

1. e4 c5 2. Nc3 g6 3. f4 Bg7 4. Nf3 Nc6 5. Bc4 e6 6. 0-0 a6 7. a4 Nge7 8. Qe1 0-0 9. d3 d5 10. Bb3 Nb4 11. f5 exf5 12. Qh4 fxe4 13. dxe4 dxe4 14. Nxe4 Nf5 15. Qxd8 Rxd8 16. Nfg5 Nd5 17. c3 h6 18. Rd1 hxg5 19. Rxd5 Be6 20. Rxd8+ Rxd8 21. Bxe6 Rd1+ 22. Kf2 fxe6 23. Nxc5 g4 24. Ke2 Rh1 25. Nd3 Rxh2 26. Kf2 Rh1 27. Ra3 g3+ 28. Kf3 Rf1+ 29. Ke2 Rg1 30. Kf3 Bf8 31. Rb3 Bd6 32. Bf4 Rd1 33. Ke2 Ra1 34. Bxd6 Nxd6 35. Rb6 Nc4 36. Rxe6 Rxa4 37. Rxg6+ Kf7 38. Rxg3 Nxb2 39. Nc5 Ra3 40. Nxb7 Na4 41. Kd2 Ra2+ 42. Kd3 Ke7 43. Kc4 Nb6+ 44. Kb3 Ra1 45. Rg6 Nd5 46. Nc5 Nf6 47. Rg7+ Kd6 48. Nd3 a5 49. g4 Rb1+ 50. Kc2 1/2-1/2